"Píti plnými doušky Evropu a její krásy." Staré evropské umění ze sbírek Joe Hlouchy v Národní galerii v Praze
| Titel: | "Píti plnými doušky Evropu a její krásy." Staré evropské umění ze sbírek Joe Hlouchy v Národní galerii v Praze |
|---|---|
| Verfasser: | |
| Beteiligt: | |
| In: |
Orbis artium, (2009), Seite 777-795 alle Artikel anzeigen |
| Veröffentlicht: | 2009 |
| Format: | Aufsatz |
| Sprache: | Tschechisch |
X
alg: 39348833 001A $01999:12-11-16 001B $01999:28-04-17 $t15:55:24.000 001D $01999:12-11-16 001U $0utf8 001X $00 002@ $0Aox 003@ $0393488330 007A $0393488330 $aHEB 007T $0Herdpp168244 010@ $acze 011@ $a2009 021A $a"Píti plnými doušky Evropu a její krásy." Staré evropské umění ze sbírek Joe Hlouchy v Národní galerii v Praze 028A $aKotková $dOlga 028B/01 $aVlnas $dVít 031A $h777-795 $j2009 037A $aRés. angl. 792: "To Drink Europe and its Beauties in Gulps." Old European Art from Collection of Joe Hloucha in the National Gallery in Prague 039B $aIn $8--Aau--. @Orbis artium. - Brno : Masarykova univerzita, 2009. - 846, [1] S.. - Ill. - ISBN 978-80-210-4972-7 $x200900000000000223 $9222799129 lok: 39348833 78 exp: 39348833 78 1 #EPN 201B/01 $026-11-17 $t03:36:33.000 201U/01 $0utf8 203@/01 $0789598779 208@/01 $a12-11-16 $be 209A/01 $a/ $f000 $x00 220C/01 $aHerkunft: Hú Av Čr Praha 244Z/01 $#Tschechien $#Tschechische Republik $#Tschechische Republik $#Tschechenland $#Tschechei Tschechien $#Česká Republika $#Czech Republic $#ČR $74303381-7 $8--Tg1--Tschechien $x01 $9086659812 244Z/01 $2Trx $#Böhmen $#Bohemia $#Czechy $8--Trx--Čechy $x02 $9391188941 244Z/01 $#Prag $#Hlavni Město Praha $#Hauptstadt Prag $#Prag Kraj $#Bezirk Prag $#Praha $#Prague $#Praga $#Praag $74076310-9 $8--Tg1--Prag $x03 $9085216283 244Z/01 $2Trx $#Hloucha, Joe $8--Trx--Hloucha, Josef$Z1881-1957 $x04 $9390844578 244Z/01 $asbírky umělecké $x05 244Z/01 $agalerie národní $x06 244Z/01 $asběratelé $x07 244Z/01 $2Trx $#näitused $#parodos bendras $#exhibitions $#kiállitások általános $#wystawy ogólnie $#výstavy všeobecne $#výstavy všeobecné $8--Trx--Ausstellungen$gallgemein $x08 $9391356704 244Z/01 $asoupisy $x09 244Z/01 $2Trx $8--Trx--Einzelbeiträge $x10 $9391384570 247C/01 $82080>Marburg/Lahn, Herder-Institut, Forschungsbibliothek, Bibliographieportal $9336309341
| LEADER | 00000caa a22000002c 4500 | ||
|---|---|---|---|
| 001 | 393488330 | ||
| 003 | DE-603 | ||
| 005 | 20170428155524.0 | ||
| 007 | tu | ||
| 008 | 161112s2009 xx |||| | u00||u|cze c | ||
| 035 | |a (DE-599)HEB393488330 | ||
| 040 | |a DE-603 |b ger |c DE-603 |d DE-603 | ||
| 041 | |a cze | ||
| 100 | 1 | |a Kotková, Olga | |
| 245 | 0 | 0 | |a "Píti plnými doušky Evropu a její krásy." Staré evropské umění ze sbírek Joe Hlouchy v Národní galerii v Praze |
| 264 | 0 | |c 2009 | |
| 500 | |a Rés. angl. 792: "To Drink Europe and its Beauties in Gulps." Old European Art from Collection of Joe Hloucha in the National Gallery in Prague | ||
| 700 | 1 | |a Vlnas, Vít | |
| 773 | 0 | 8 | |i In |t Orbis artium |d Brno : Masarykova univerzita, 2009 |h 846, [1] S., Ill |z 9788021049727 |z 8021049723 |g (2009), Seite 777-795 |w (DE-603)222799129 |
| 924 | 0 | |9 2080 |a (DE-603)789598779 |b DE-2080 |c HES |d d |g / | |


